Ensayos de materiales: introducción a la técnica moderna del ensayo de materiales

Guardat en:
Dades bibliogràfiques
Autor principal: Memmler, Karl (autor)
Format: Llibre
Idioma:espanyol
Publicat: Barcelona Labor 1949
Edició:3a. ed
Col·lecció:Manuales Técnicos Labor
Matèries:
Etiquetes: Afegir etiqueta
Sense etiquetes, Sigues el primer a etiquetar aquest registre!

MARC

LEADER 00000nam a2200000 a 4500
001 UCU4205
003 CL-VaPUC
008 960517e19490000SP |||||||||||||||||spa|d
082 0 4 |a 620.112  |b MEM  |2 21 
100 |a Memmler, Karl  |e autor  |9 361706 
245 1 0 |a Ensayos de materiales: introducción a la técnica moderna del ensayo de materiales 
250 |a 3a. ed 
300 |a 311 p 
942 |c BK 
945 |d 19960517 00:00:00  |a lriquelm 
260 |a Barcelona  |b Labor  |c 1949 
650 0 |a Propiedades mecánicas   |9 262507 
650 7 |a DUREZA  |2 CL-VaPUC  |9 360623 
650 7 |a ELASTICIDAD  |2 CL-VaPUC  |9 266503 
650 7 |a ENSAYOS MECANICOS  |2 CL-VaPUC  |9 361707 
650 7 |a TOLERANCIAS MECANICAS  |2 CL-VaPUC  |9 361708 
583 |a last modification  |c 19960517 00:00:00  |k Rodrigo Vera 
490 0 |a Manuales Técnicos Labor 
999 |c 248002  |d 248000